| 000 -ლიდერი |
| ფიქსირებული სიგრძის საკონტროლო ველი |
01544nam a2200289Ia 4500 |
| 001 - საკონტროლო ნომერი |
| საკონტროლო ველი |
22007 |
| 003 - საკონტროლო ნომრის იდენტიფიკატორი |
| საკონტროლო ველი |
GE_BSU |
| 005 - ბოლო ოპერაციის თარიღი და დრო |
| საკონტროლო ველი |
20220926112620.0 |
| 008 - ფიქსირებული სიგრძის მონაცემთა ელემენტები - ზოგადი ინფორმაცია |
| ფიქსირებული სიგრძის საკონტროლო ველი |
181216s2006||||ge |||||||||||||| ||geo|| |
| 020 ## - წიგნის საერთაშორისო სტანდარტული ნომერი |
| International Standard Book Number |
9994084038 |
| 040 ## - კატალოგიზაციის წყარო |
| Transcribing agency |
GE_BSU |
| 041 ## - ენის კოდი |
| Language code of text/sound track or separate title |
geo |
| 080 ## - უნივერსალური ათობითი კლასიფიკაციის ინდექსი |
| Universal Decimal Classification number |
821.161.1.09 ნ-29 |
| 245 ## - ცნობა სათაურის შესახებ |
| Title |
ნარკვევები მე-20 საუკუნის რუსული ლიტერატურის ისტორიიდან ნაწ. 1 / |
| Statement of responsibility, etc |
ავტ. : მ. მიქაძე, რ. პრილიპკო, დ. დიდებულიძე, ც. ხახანაშვილი ; მზია მიქაძის რედაქტორობით. |
| 264 ## - წარმოების, გამოცემის, დისტრიბუციის და სხვა ცნობები |
| გამოცემის, წარმოების, დისტრიბუციის... ადგილი |
თბილისი : |
| გამოცემის, წარმოების, დისტრიბუციის... სახელწოდება |
პეტიტი, |
| გამოცემის, წარმოების, დისტრიბუციის... თარიღი |
2006. |
| 300 ## - ფიზიკური აღწერა |
| Extent |
215 გვ. ; |
| Dimensions |
21 სმ. |
| 653 ## - INDEX TERM--UNCONTROLLED |
| Uncontrolled term |
ნარკვევები მე-20 საუკუნის რუსული ლიტერატურის ისტორიიდან |
| 653 ## - INDEX TERM--UNCONTROLLED |
| Uncontrolled term |
რუსული ლიტერატურა |
| 653 ## - INDEX TERM--UNCONTROLLED |
| Uncontrolled term |
რუსული ლიტერატურის ისტორია |
| 700 ## - ADDED ENTRY--PERSONAL NAME |
| Personal name |
მიქაძე, მ. |
| Relator term |
ავტორი |
| 9 (RLIN) |
14776 |
| 700 ## - ADDED ENTRY--PERSONAL NAME |
| Personal name |
პრილიპკო, რ. |
| Relator term |
ავტორი |
| 9 (RLIN) |
14777 |
| 700 ## - ADDED ENTRY--PERSONAL NAME |
| Personal name |
დიდებულიძე, დ. |
| Relator term |
ავტორი |
| 9 (RLIN) |
14778 |
| 700 ## - ADDED ENTRY--PERSONAL NAME |
| Personal name |
ხახანაშვილი, ც. |
| Relator term |
ავტორი |
| 9 (RLIN) |
14779 |
| 700 ## - ADDED ENTRY--PERSONAL NAME |
| Personal name |
მიქაძე, დ. |
| Relator term |
რედაქტორი |
| 9 (RLIN) |
14780 |
| 942 ## - ADDED ENTRY ELEMENTS (KOHA) |
| Koha item type |
წიგნი |
| Source of classification or shelving scheme |
|